| 000 | 00683nam a2200217Ii 4500 | ||
|---|---|---|---|
| 003 | JO-AjNU | ||
| 008 | 230606s9999||||xx |||||||||||||| ||und|| | ||
| 020 | _a81-317-0239-1 | ||
| 040 |
_aJO-AjNU _beng _erda _cJO-AjNU |
||
| 041 | _aeng | ||
| 050 | 1 | 4 | _aQA76.642.W54.2005 |
| 100 | 3 |
_aWilkinson,Barry , _eauthor _9166 |
|
| 245 | 0 | 0 | _aparallel Programming Techniques and applications using networked workstations and parllel computers |
| 250 | _a2 ed | ||
| 264 | 3 | 1 | _aPearson Education International :new york,2005 |
| 300 | _a466p | ||
| 336 |
_atext _btxt _2rdacontent |
||
| 337 |
_aunmediated _bn _2rdamedia |
||
| 338 |
_avolume _bnc _2rdacarrier |
||
| 650 | 4 |
_aparallel Programming _9167 |
|
| 999 |
_aE88 _c88 _d88 |
||